| 000 | 00961 a2200193 4500 | ||
|---|---|---|---|
| 999 |
_c8394 _d8394 |
||
| 010 | _aENG-88434 | ||
| 020 |
_a9780195691986 _c795.00 |
||
| 035 | _aEN-71967 | ||
| 037 | _bDBAD / PUB | ||
| 082 | 1 | 4 | _a305.6971054 |
| 245 | 1 |
_aIndia's muslims: _ban omnibus/ |
|
| 260 |
_aNew Delhi _bOxford University Press _c2007 |
||
| 300 |
_a(xvii, xxx, 386p.; xxiii, 271p.; xiii, 383p.) _c22cm (Hb ) |
||
| 500 | _aThis is an artificial composite book & bounded 3 parts together having their own title & a common title and includes bibliographical references and index | ||
| 505 | _aIslamic revival in British India: Deoband, 1860-1900 by Barbara Daly Metcalf - The Bengal Muslims, 1876-1901: a quest for identity by Rafiuddin Ahmed - Legacy of a divided nation: India's Muslims since independence by Mushirul Hasan | ||
| 650 |
_aMuslims _xIndia _yPolitical activity. |
||
| 650 |
_aIndia _xPolitics and government |
||
| 942 |
_adpl _cEN _2ddc _h305.6971054 _mIND |
||